Five Most Populated Capital Cities by Continent (Proximity) - Statistics

General Stats
  • This quiz has been taken 1,292 times
  • The average score is 21 of 30
Answer Stats
Population County % Correct
Africa 51.9 mil Cairo
95%
Europe 21.9 mil London
95%
Europe 14.2 mil Paris
95%
North America 29.2 mil Mexico City
92%
Europe 20.4 mil Moscow
92%
Asia 40.8 mil Tokyo
91%
Asia 58.8 mil New Delhi
88%
North America 9.63 mil Washington, D.C.
88%
South America 16.5 mil Buenos Aires
86%
Oceania 543 k Canberra
86%
South America 13.4 mil Bogota
83%
South America 12.1 mil Lima
83%
Oceania 644 k Wellington
83%
Africa 17.2 mil Kinshasa
77%
South America 10.1 mil Santiago
77%
Asia 49.9 mil Jakarta
76%
South America 6.88 mil Caracas
74%
North America 10.2 mil Guatemala City
69%
Europe 12.7 mil Amsterdam
63%
Oceania 742 k Port Moresby
63%
Asia 39.2 mil Manila
62%
Asia 68.8 mil Dhaka
61%
North America 7.36 mil Santo Domingo
57%
North America 6.88 mil Port-au-Prince
55%
Oceania 528 k Suva
52%
Europe 14.1 mil Brussels
51%
Africa 18.4 mil Pretoria
45%
Oceania 323 k Honiara
31%
Africa 17.4 mil Kigali
19%
Africa 22.0 mil Porto-Novo
11%
No matching quizzes found
Score Distribution
Percent of People with Each Score
Percentile by Number Answered
Your Score History
You have not taken this quiz